Video Game Consoles by Picture #2 - Statistics

General Stats
  • This quiz has been taken 82 times
  • The average score is 8 of 11
Answer Stats
Picture Answer % Correct
Playstation
96%
Nintendo 64
94%
Nintendo Wii U
94%
Playstation 2
93%
Sega Saturn
81%
Atari-2600
76%
Nintendo GameBoy Light
76%
Atari Jaguar
51%
Super Famicom
47%
TurboGrafx-16
47%
Casio Loopy
25%
No matching quizzes found
Score Distribution
Percent of People with Each Score
Percentile by Number Answered
Your Score History
You have not taken this quiz